00765nam a2200133 4500008001000000020001800010082001500028100003300043245005400076260007100130300003500201505033700236650005800573708 M774h a9789968530422 a708bM744h aMonge Picado, María José aHéroes, Monstruos y otros seres extraordinarios aSan José, Costa RicabFundación Museos del Banco Centralc2017 a120 p. bill (col)c28 x 22 cm tPresentacióntA modo de introducciónt1. ¿Quién soy? ¿Cuál es el sentido de mi existencia?t2. ¿Quién soy para los otros? ¿Y los otros para mi? ...t3. Curar, limpiar y civilizar el cuerpot4. ¿Quiénes somos? ¿A qué aspiramos?t5 ¿Quiénes somos? ¿A qué tememos?tEn fin...tLista de figurastBibliografía xarte contemporáneoxarte - exhibicionesxCosta Rica